000
00262nam a22001217a 4500
008
181030b xxu||||| |||| 00| 0 eng d
041
_a
eng
080
_a
610.73
100
_a
4
101
_a
SHM
245
_a
Patterns of Shock
_c
Bordicks,K.J
942
_2
udc
_c
BK
999
_c
51092
_d
51092